000 00717nmc a2200289 a 4500
003 AR-BaBNM
005 20251128202646.0
008 235020s2003 ||||||||||||||000 | spa||
020 _a950-07-2403-0
040 _cAR-BaBNM
100 1 _aCabal, Graciela Beatriz
245 1 0 _aJacinto
250 _a5ª ed.
260 _aBuenos Aires
_bSudamericana
_c2003
300 0 _a59 p.
_bil.
490 0 _aPan Flauta
_vv. 39
650 4 _aCUENTOS
650 4 _aLITERATURA INFANTIL
650 4 _aLITERATURA ARGENTINA
650 4 _aLITERATURA CONTEMPORANEA
650 4 _aLIBROS PARA NINOS
655 _aLITERATURA
700 1 _aWeiss, Mónica
_eilustrador
800 0 _aCanela
942 _cBK
998 _cme-solo cat
999 _c13
_d13